<?xml version="1.0" encoding="UTF-8"?>
<collection xmlns:xsi="http://www.w3.org/2001/XMLSchema-instance" xsi:schemaLocation="http://www.loc.gov/MARC21/slim http://www.loc.gov/standards/marcxml/schema/MARC21slim.xsd" xmlns="http://www.loc.gov/MARC21/slim">
 <record>
  <leader>00000nam a22000004a 4500</leader>
  <controlfield tag="001">UP-1685675941122073226</controlfield>
  <controlfield tag="003">Buklod</controlfield>
  <controlfield tag="005">20240126133924.0</controlfield>
  <controlfield tag="006">a     r    |||| u|</controlfield>
  <controlfield tag="007">ta</controlfield>
  <controlfield tag="008">240126s2023    xx     grbm   00| 0 eng d</controlfield>
  <datafield tag="040" ind1=" " ind2=" ">
   <subfield code="a">DCHE</subfield>
   <subfield code="e">rda</subfield>
  </datafield>
  <datafield tag="041" ind1=" " ind2=" ">
   <subfield code="a">eng</subfield>
  </datafield>
  <datafield tag="042" ind1=" " ind2=" ">
   <subfield code="a">DMLUC</subfield>
  </datafield>
  <datafield tag="090" ind1=" " ind2=" ">
   <subfield code="a">LG 993.5 2023 F66</subfield>
   <subfield code="b">C53</subfield>
  </datafield>
  <datafield tag="100" ind1="1" ind2=" ">
   <subfield code="a">Clarito, Bernadette L.</subfield>
   <subfield code="e">author.</subfield>
  </datafield>
  <datafield tag="245" ind1="1" ind2="2">
   <subfield code="a">In silico screening of potential bioactive peptides from spent Arabica coffee (Coffea Arabica) beans storage proteins</subfield>
   <subfield code="c">Benadette L. Clarito.</subfield>
  </datafield>
  <datafield tag="264" ind1=" " ind2="1">
   <subfield code="a">Quezon City</subfield>
   <subfield code="b">College of Home Economics, University of the Philippines Diliman</subfield>
   <subfield code="c">2023.</subfield>
  </datafield>
  <datafield tag="300" ind1=" " ind2=" ">
   <subfield code="a">xii, 73 leaves</subfield>
   <subfield code="b">illustrations</subfield>
   <subfield code="c">28 cm.</subfield>
  </datafield>
  <datafield tag="336" ind1=" " ind2=" ">
   <subfield code="a">text</subfield>
   <subfield code="2">rdacontent</subfield>
  </datafield>
  <datafield tag="337" ind1=" " ind2=" ">
   <subfield code="a">unmediated</subfield>
   <subfield code="2">rdamedia</subfield>
  </datafield>
  <datafield tag="338" ind1=" " ind2=" ">
   <subfield code="a">volume</subfield>
   <subfield code="2">rdacarrier</subfield>
  </datafield>
  <datafield tag="502" ind1=" " ind2=" ">
   <subfield code="a">Thesis </subfield>
   <subfield code="b">Bachelor of Science in Food Technology</subfield>
   <subfield code="c">University of the Philippines Diliman</subfield>
   <subfield code="d">2023.</subfield>
  </datafield>
  <datafield tag="504" ind1=" " ind2=" ">
   <subfield code="a">Includes bibliographical references (pages 42-58)</subfield>
  </datafield>
  <datafield tag="506" ind1=" " ind2=" ">
   <subfield code="a">Thesis classification: F.</subfield>
  </datafield>
  <datafield tag="520" ind1="3" ind2=" ">
   <subfield code="a">Spent coffee grounds (SCG) constitute the majority of coffee by-products. They usually end up in landfills due to their lack of economic value but the remaining amount of proteins in SCG can still be used in producing bioactive peptides which suggests its potential utilization in food science and nutrition. This study investigated the potential of different storage proteins found in Coffea arabica as a source of bioactive peptides through an in-silico analysis and simulated enzymatic hydrolysis. The enzymes utilized for the hydrolysis were plant proteases to evaluate its potential in commercially preparing protein hydrolysates with biological activities, and digestive enzymes to partially assess the possibility of SCG as a functional ingredient. Results show that DPP-IV and ACE inhibitors were the most dominant activities for all the protein hydrolysates regardless of the enzymes used in hydrolysis. With digestive enzymes, Patatin showed the highest potential in DPP-IV inhibitory, antioxidative, and antibacterial activities, while 11S Globulin exhibited the highest potential in ACE inhibitory activity. Using plant proteases, Glutelin Type-A 2-like had the best potential in producing protein hydrolysates with multiple biological activities including ACE inhibitory, anti-inflammatory, antioxidative, and DPP-IV inhibitory activities. It is important to note that this study may contain generalized results as the in-silico tools utilized may not be able to capture certain factors affecting enzymatic hydrolyses. Thus, the study is only meant to serve as a preliminary screening for the bioactivity profile of SCG proteins, and more empirical data is needed for a more comprehensive understanding of the proteins studied.</subfield>
  </datafield>
  <datafield tag="650" ind1=" " ind2="0">
   <subfield code="a">Coffee grounds</subfield>
   <subfield code="z">Philippines.</subfield>
  </datafield>
  <datafield tag="650" ind1=" " ind2="0">
   <subfield code="a">Coffee</subfield>
   <subfield code="z">Philippines.</subfield>
  </datafield>
  <datafield tag="650" ind1=" " ind2="0">
   <subfield code="a">Protein hydrolysates.</subfield>
  </datafield>
  <datafield tag="700" ind1="1" ind2=" ">
   <subfield code="a">Sanchez, Rowena Grace R.</subfield>
   <subfield code="e">adviser.</subfield>
  </datafield>
  <datafield tag="905" ind1=" " ind2=" ">
   <subfield code="a">FI</subfield>
  </datafield>
  <datafield tag="905" ind1=" " ind2=" ">
   <subfield code="a">UP</subfield>
  </datafield>
  <datafield tag="852" ind1="0" ind2=" ">
   <subfield code="a">UPD</subfield>
   <subfield code="b">DCHE</subfield>
   <subfield code="h">LG 993.5 2023 F66</subfield>
   <subfield code="i">C53</subfield>
  </datafield>
  <datafield tag="942" ind1=" " ind2=" ">
   <subfield code="a">Thesis</subfield>
  </datafield>
 </record>
</collection>
